Mystery Movie Monologue #8 - Statistics

General Stats
  • This quiz has been taken 504 times
  • The average score is 77 of 172
Answer Stats
Answer % Correct
I
99%
a
98%
A
98%
the
94%
The
94%
you
85%
you,
85%
when
83%
do
77%
be
76%
to
75%
we
75%
and
73%
And
73%
it
72%
it'll
72%
It's
72%
it's
72%
in
71%
know.
69%
know
69%
What
69%
go
66%
that
65%
That
65%
so
64%
they
62%
They
62%
are.
61%
are
61%
why.
60%
for.
57%
there's
56%
will
55%
if
52%
how
51%
How
51%
of
49%
But
48%
want
48%
could
47%
was
47%
this
46%
all
45%
by
42%
were.
42%
were
42%
shouldn't
41%
too
39%
like
38%
some
38%
think,
38%
come.
36%
had
36%
now.
36%
day
35%
here.
35%
didn't
34%
didn't.
34%
world
34%
world,
34%
out
32%
Because
31%
end.
31%
end
31%
end,
31%
good
31%
thing,
31%
with
31%
way
28%
bad
27%
even
27%
Even
27%
going.
27%
back
24%
back,
24%
new
24%
only
24%
much
22%
Those
22%
those
22%
really
20%
worth
20%
fighting
19%
must
18%
something,
18%
something.
18%
sun
18%
wrong.
17%
great
16%
understand
16%
understand.
16%
happened?
15%
ones
15%
Sam?
15%
shine
15%
small
15%
onto
14%
onto,
14%
Frodo.
13%
Frodo,
13%
happy?
13%
Mr.
13%
stories,
13%
stories
13%
meant
12%
darkness
11%
Full
11%
kept
11%
lots
11%
shines,
11%
sometimes
11%
stayed
11%
chances
10%
clearer.
10%
danger,
10%
Folk
10%
holdin'
10%
mattered.
10%
pass.
10%
passing
10%
rights
10%
shadow.
10%
turnin'
10%
No matching quizzes found
Score Distribution
Percent of People with Each Score
Percentile by Number Answered
Your Score History
You have not taken this quiz